000 00341nam a22001457a 4500
008 210526b ||||| |||| 00| 0 eng d
020 _a9780321826183
041 _aeng
080 _25th
_a510
082 _a510
100 _a36
101 _aMAT
245 _aCollege Algebra With Modeling and Visualization
_cAtwood,D
942 _2udc
_cBK
999 _c57627
_d57627